<?xml version="1.0" encoding="UTF-8"?>
<collection xmlns="http://www.loc.gov/MARC21/slim">
 <record>
  <leader>00914nam a2200253   4500</leader>
  <controlfield tag="001">000005629</controlfield>
  <controlfield tag="003">1775</controlfield>
  <controlfield tag="005">20150812140856.0</controlfield>
  <controlfield tag="008">110818s                               sd</controlfield>
  <datafield tag="100" ind1="0" ind2=" ">
   <subfield code="a">Vũ Trọng Phụng</subfield>
  </datafield>
  <datafield tag="245" ind1="0" ind2="0">
   <subfield code="a">Vũ Trọng Phụng toàn tập</subfield>
   <subfield code="c">Vũ Trọng Phụng</subfield>
  </datafield>
  <datafield tag="774" ind1=" " ind2=" ">
   <subfield code="a">Vũ Trọng Phụng</subfield>
   <subfield code="d">Văn học</subfield>
   <subfield code="d">H.</subfield>
   <subfield code="d">2004</subfield>
   <subfield code="g">Tập 2</subfield>
   <subfield code="h">562 tr</subfield>
   <subfield code="w">1777</subfield>
  </datafield>
  <datafield tag="774" ind1=" " ind2=" ">
   <subfield code="a">Vũ Trọng Phụng</subfield>
   <subfield code="d">Văn học</subfield>
   <subfield code="d">H.</subfield>
   <subfield code="d">2004</subfield>
   <subfield code="g">Tập 3</subfield>
   <subfield code="h">586 tr</subfield>
   <subfield code="w">1778</subfield>
  </datafield>
  <datafield tag="774" ind1=" " ind2=" ">
   <subfield code="a">Vũ Trọng Phụng</subfield>
   <subfield code="d">Văn học</subfield>
   <subfield code="d">H.</subfield>
   <subfield code="d">2004</subfield>
   <subfield code="g">Tập 4</subfield>
   <subfield code="h">502 tr</subfield>
   <subfield code="w">1779</subfield>
  </datafield>
  <datafield tag="774" ind1=" " ind2=" ">
   <subfield code="a">Vũ Trọng Phụng</subfield>
   <subfield code="d">Văn học</subfield>
   <subfield code="d">H.</subfield>
   <subfield code="d">2004</subfield>
   <subfield code="g">Tập 5</subfield>
   <subfield code="h">638 tr</subfield>
   <subfield code="w">1780</subfield>
  </datafield>
  <datafield tag="774" ind1=" " ind2=" ">
   <subfield code="a">Vũ Trọng Phụng</subfield>
   <subfield code="d">Văn học</subfield>
   <subfield code="d">H.</subfield>
   <subfield code="d">2004</subfield>
   <subfield code="g">Tập 1</subfield>
   <subfield code="h">657 tr.</subfield>
   <subfield code="o">KM.004494</subfield>
   <subfield code="w">2162</subfield>
  </datafield>
  <datafield tag="OWN" ind1=" " ind2=" ">
   <subfield code="a">LSP</subfield>
  </datafield>
  <datafield tag="999" ind1=" " ind2=" ">
   <subfield code="a">From the UDN01</subfield>
  </datafield>
  <datafield tag="TYP" ind1=" " ind2=" ">
   <subfield code="a">Monograph</subfield>
  </datafield>
  <datafield tag="TYP" ind1=" " ind2=" ">
   <subfield code="a">Printed language</subfield>
  </datafield>
  <datafield tag="980" ind1=" " ind2=" ">
   <subfield code="a">Mạng thư viện Đại học Đà Nẵng</subfield>
  </datafield>
 </record>
</collection>
